Cinéma commençant par la lettre R - Statistiques

Statistiques générales
  • Ce quiz a été pris 961 fois
  • Le résultat moyen est 5 sur 12
Statistiques - réponses
Hint Réponse % Correct
Boxeur fictif, montant les marches du musée de Philadelphie Rocky Balboa
98%
Trilogie mettant en scène Marty McFly et ses voyages dans le temps Retour vers le futur
96%
Petit robot, compagnon de C3PO R2D2
95%
Célèbre homme politique, ayant eu une carrière d'acteur dans les années 40 Ronald Reagan
62%
Film de 1992 avec Mr. White, Mr. Orange, Mr. Pink... Reservoir Dogs
49%
Dernier mot prononcé par Charles Foster Kane avant de s'éteindre Rosebud
30%
Réalisateur américain, spécialisé dans les films de zombie George A. Romero
25%
Actrice populaire des années 1990, repopularisée en 2016 dans une série Netflix Winona Ryder
25%
Cinéaste phare de la Nouvelle Vague ayant adapté Hiroshima mon amour Alain Resnais
24%
Cinéaste français, ayant révélé Fabrice Luchini et Arielle Dombasle Éric Rohmer
21%
Réalisatrice ayant fait des films pour le parti nazi durant les années 30 Leni Riefenstahl
13%
Ancienne société de production américaine, disparue en 1959 RKO Pictures
11%
Aucun quiz correspondant
Distribution des résultats
% des personnes avec chaque résultat
Percentile par nombre de réponses
Votre historique - résultats
Vous n’avez pas pris ce quiz